000 00765nam a22002297a 4500
005 20170124105920.0
010 _aA-781479
020 _a8120002989
_c00.00
035 _aA-781479
037 _bCen Lib/Ret
040 _aDPL
_bEN
082 _a371.2
_bGAR
100 _aGarg, V. P.
_972043
245 _aThe economics of education :
_cby V. P. Garg
_btheoretical analysis of investment and develpoment perspective /
260 _aNew Delhi
_bMetropolitan Book
_c1989
270 _a1,Netaji Subhas Marg
_bNew Delhi
_e110002
300 _aviii,153p.
_c22cm(Hb)
500 _aIncludes bibliographical references and index
650 _aHuman Resource Development
_92815
650 _aEducational Finance
_972044
942 _2ddc
_cEN
_h371.2
_mGAR
999 _c123108
_d123108